O coala que foi capaz (Registo nº 3655)

Detalhes MARC
000 -Etiqueta do registo
Cabeçalho 01086nam0a2200325 4500
005 - Identificador da versão
Campo de controlo 20240813122008.0
010 ## - Número internacional normalizado dos livros (ISBN)
Número (ISBN) 9789722362412
021 ## - Número do Depósito Legal
Código do país PT
100 ## - Dados gerais de processamento
Dados gerais de processamento 20240118d c y0pory5003 ba
102 ## - Pais de publicação ou produção
País de publicação Portugal
101 1# - Língua de publicação
Língua do texto, banda sonora, etc. Português
Língua do documento no original Inglês
106 ## - Campo de dados codificados: material textual
Dados codificados do material textual r
105 ## - Campo de dados codificados: livros
Dados codificados dos livros j z 001yy
215 ## - Descrição física 
Indicação específica da natureza do documento e extensão da espécie [30] p.
Outras indicações físicas il.
Dimensões cm
200 1# - Titulo e menção de responsabilidade
Título próprio O coala que foi capaz
Primeira menção de responsabilidade Rachel Bright
Outras menções de responsabilidade il. Jim Field
-- trad. Carlos Grifo Babo
205 ## - Menção da edição
Menção da edição 5ª ed
210 ## - Publicação, Distribuição, etc. 
Lugar da edição, distribuição, etc. Queluz de Baixo
Nome do editor, distribuidor, etc. Presença
Data da publicação, distribuição, etc. 2022
330 ## - Sumário ou Resumo
Texto da nota O Kevin é um coala que gosta de manter tudo na mesma, exatamente na mesma. Mas quando um dia a mudança surge sem ser convidada, o Kevin descobre que a vida pode estar cheia de novidades e ser maravilhosa!
304 ## - Notas relativas a título e menção de responsabilidade 
Texto da nota Tít. orig.:
510 ## - Título paralelo
Título paralelo <The >koala who could
675 ## - Classificação Decimal Universal (CDU)
Notação 087.5
Edição 3ª ed.
Língua da edição por
Notação 821.111-34
Edição 3ª ed.
Língua da edição por
702 #1 - Nome de autor-pessoa física (responsabilidade secundária)
Número de registo de entrada de autoridade 0000518
Palavra de ordem Babo
Outra parte do nome não tomada para palavra de ordem Carlos Grifo
Código de função Tradutor
701 #1 - Nome de autor-pessoa física (co-responsabilidade principal)
Palavra de ordem Field
Outra parte do nome não tomada para palavra de ordem Jim
Código de função Ilustrador / Técnico de desenho computorizado
700 #1 - Nome de autor-pessoa física (responsabilidade principal)
Número de registo de entrada de autoridade 0002886
Palavra de ordem Bright
Outra parte do nome não tomada para palavra de ordem Rachel
966 ## - Identificação da Biblioteca
Sigla EB1CM
942 ## - Elementos de entrada adicionados (Koha)
Tipo de item no Koha Livro
Exemplares
Situação do levantamento Origin of item (home branch) (coded) Biblioteca de empréstimo Código de barras Cota Circulation type (not for loan) Tipo de documento Nota do exemplar Damaged status
  Biblioteca Escolar da Coca Maravilhas Biblioteca Escolar da Coca Maravilhas BECM20000/2024 8EST BRI   Livro Sem mensagem